E.T. : el extraterrestre : (Registro nro. 8853)

Detalles MARC
000 -LIDER
fixed length control field 00800nam a22002177a 4500
003 - IDENTIFICACDOR DE NÚMERO DE CONTROL
control field DO-SdBNP
005 - DATE AND TIME OF LATEST TRANSACTION
control field 20180222123121.0
008 - ELEMENTOS DE LONGITUD FIJA
fixed length control field 151120b 1982 sp a xxu||||| |||| 00| 0 spa d
020 ## - ISBN
International Standard Book Number 8486160006
040 ## - FUENTE DE CATALOGACIÓN
Agencia que crea de manera original el registro BPMSU
Idioma de catalogación spa
Agencia que realiza la transcripción BPMSU
100 1# - ASIENTO PRINCIPAL -- NOMBRE PERSONAL
Nombre personal Kotzwinkle, William
240 10 - TITULO UNIFORME
Título uniforme E.T. the extra-terrestrial.
Idioma de una obra Español
245 10 - MENCIÓN DE TITULO
Título E.T. : el extraterrestre :
Subtítulo el extraterrestre /
Mención de responsabilidad William Kotzwinkle ; sobre un guión cinemetográfico de Melissa Mathison ; traducción: Graziella Baravalle.
260 ## - PUBLICACIÓN, DISTRIBUCIÓN, ETC. (PIE DE IMPRENTA)
Lugar de publicación, distribución, etc Barcelona :
Nombre del editor, distribuidor, etc. Cebra Ediciones,
Fecha de publicación, distribución, etc 1982.
300 ## - DESCRIPCIÓN FÍSICA
Extensión [56] p. :
Otros detalles físicos il. ;
Dimensiones 30 cm.
700 12 - ASIENTO SECUNDARIO -- NOMBRE PERSONAL
Nombre personal Mathison, Melissa,
Fechas asociadas con el nombre 1950-2015.
700 12 - ASIENTO SECUNDARIO -- NOMBRE PERSONAL
Nombre personal Baravalle, Graziella ,
Fechas asociadas con el nombre 1940-
Mención de responsabilidad tr.
942 ## - ADDED ENTRY ELEMENTS (KOHA)
Source of classification or shelving scheme Dewey Decimal Classification
Koha item type Libros
945 ## - INFORMACIÓN DE PROCESAMIENTO LOCAL
Información de procesamiento local Inventariado,2018/MFF
956 ## - LOCAL ELECTRONIC LOCATION AND ACCESS (OCLC)
Nombre de host Lorenza Pérez
Número de acceso 10
Materiales especificados BPMSU
Enlace 00041
Existencias
Withdrawn status Lost status Source of classification or shelving scheme Damaged status Not for loan Collection code Home library Current library Date acquired Source of acquisition Total Checkouts Barcode Date last seen Price effective from Koha item type Copy number
    Dewey Decimal Classification     Colección Infantil General Biblioteca Pública Metropolitana Salomé Ureña Biblioteca Pública Metropolitana Salomé Ureña 11/20/2015 Donación   BPMSU15110425 11/20/2015 11/20/2015 Libros  
    Dewey Decimal Classification     Colección Infantil General Biblioteca Pública Metropolitana Salomé Ureña Biblioteca Pública Metropolitana Salomé Ureña 02/22/2018 Donación   BPMSU18020245 02/22/2018 02/22/2018 Libros e. 2